000 00937nam a2200253 i 4500
001 17360
003 ES-MaACL
005 20250805063223.0
007 t|
008 010221m19821988sp ||||1| spa d
020 _a84-249-1663-8
080 _a16
100 0 _aAristóteles
_922861
245 1 0 _aTratados de lógica
_b: = (Organon) /
_cAristóteles ; introducciones, traducciones y notas de Miguel Candel Sanmartín.
260 _aMadrid :
_bGredos,
_c1982-1988.
300 _a2 v. ;
_c20 cm.
490 1 _aBiblioteca clásica Gredos ;
_v51, 115
505 8 _aContiene: 1. Categorías ; Tópicos ; Sobre las refutaciones sofísticas -- 2. Sobre la interpretación ; Análiticos primeros ; Análiticos segundos
650 4 _aLógica.
_914693
700 1 _aCandel, Miguel.
_934449
830 0 _aBiblioteca clásica Gredos ;
_v51, 115
_9177556
852 _aES-MaACL
_jL-24428-29
_bR.105702
999 _c17360
_d17360